000 00747nas a2200241 4500
001 BR2012004955
003 BR-BrBNA
005 20231205120832.0
007 ta
008 230509b bl.|||p| |||| 00| 00por d
040 _aBR-BrBNA
_bpor
_cBiblioteca Nacional de Agricultura
041 _a(Pt)
072 _aQ60
100 1 _aCremasco, M.A.
100 1 _aBraga, N. de P.
245 1 _aSíntese do piperonal a partir do óleo essecnial de pimenta longa (Piper hispidinervum C. DC.)
650 _aPIMENTA LONGA
650 _aÓLEO ESSENCIAL
650 _aEXTRAÇÃO
773 0 _tActa Amazonica (Brazil)
_xISSN 0044-5967
_g(Jun 2012), v. 42(2) p. 275-278
_wBR2012004955
909 _a202311
_bLúcia
_c55
_dLúcia Elande
942 _2AGRIS
_n0
_cANA
999 _c220568
_d220568